Statistics for 2021 US Billboard Hot 100 Top 20 songs

Click here to take the quiz!

General Stats

  • This quiz has been taken 16 times
  • The average score is 14 of 20

Answer Stats

SongSinger(s)% Correct
DynamiteBTS
93%
ButterBTS
93%
Montero (Call Me By Your Name)Lil Nas X
93%
Good 4 UOlivia Rodrigo
93%
Deja VuOlivia Rodrigo
93%
Drivers LicenseOlivia Rodrigo
93%
Blinding LightsThe Weeknd
93%
StayThe Kid Laroi , Justin Bieber
87%
Easy On MeAdele
80%
PositionsAriana Grande
80%
Save Your TearsThe Weeknd , Ariana Grande
80%
Bad HabitsEd Sheeran
73%
Heat WavesGlass Animals
73%
Industry BabyLil Nas X , Jack Harlow
53%
Kiss Me MoreDoja Cat, SZA
40%
LevitatingDua Lipa , Dababy
40%
Leave The Door OpenSilk Sonic (Bruno Mars , Anderson .Paak)
40%
Smokin' Out The WindowSilk Sonic (Bruno Mars , Anderson .Paak)
40%
Mood24kGoldn , iann dior
33%
PeachesJustin Bieber , Daniel Caesar and Giveon
27%

Score Distribution

Percentile by Number Answered

Percent of People with Each Score

Your Score History

You have not taken this quiz